000 01295cam a22001694a 4500
005 20250605163629.0
008 250528s ||||||||||||||||||||||||d
035 _a23111
040 _aGR-AtMCL
_bgre
_dGR-AtMCL
_eAACR2
245 1 _aPsychopathology / Research, Assessment and Treatment in Clinical Psychology
260 _bBps Blackwell,
_c1900
300 _a732
520 _aThis book provides superb coverage of psychopathology and treatment for adult and child mental health.Includes DVD with case studies and clinical training device. Acknowledgements, Preface, General Concepts and Processes and Procedures, Psychopathology: Concepts and Classification, Clinical Assessment, Research Methods in Clinical Psychology, Treating Psychopathology, Adult Mental Health, Anxiety Based Problems, Depression and Mood Disorders, Experiencing Psychosis: Schizophrenia and its Symptoms, Substance Abuse and Dependency, Eating Disorders, Sexual and Gender Identity Problems, Personality Disorders, Somatoform Disorders, Dissociative Experiences, Neurological Disorders, Developmental Psychopathology, Childhood Psychological Problems, Learning and Intellectual and Developmental Disabilities, Glossary, References, Author and Subject Index.
942 _cBK
999 _c8141
_d8141